| 000 | 00440nam a2200133Ia 4500 | ||
|---|---|---|---|
| 008 | 260210s9999 xx 000 0 und d | ||
| 024 | _a16B-44-EL & 16B-59-EL | ||
| 082 | _a629.072 SYE | ||
| 100 | _aSyed Alyan & Arsalan Sattar | ||
| 245 | 4 | _aThe Konveyro (automatic industrial mobile robot using android app) | |
| 260 |
_aKarachi: _bUITU, _c2016 |
||
| 600 | _aComputer System Engineering | ||
| 650 | _aBachelor of Engineering (BE) | ||
| 999 |
_c32778 _d32778 |
||